Investičné bankovníctvo

Problematika investičného bankovníctva v súvislosti s rozvojom kapitálového trhu. Využitie skúseností tohto odvetvia vyspelých trhových ekonomík a najmä USA, Japonska a krajín západnej Európy. Definície investičného bankovníctva. Aktivity firiem v odvetví investičného bankovníctva. Verejné ponuky (u...

ver descrição completa

Na minha lista:
Detalhes bibliográficos
Autor principal: Rošteková, M.
Formato: Capítulo de Livro
Idioma:eslovaco
Assuntos:
Tags: Adicionar Tag
Sem tags, seja o primeiro a adicionar uma tag!

MARC

LEADER 00000naa a2200000 4500
001 r021792
005 20230809082152.6
041 0 |a slo 
044 |a SK 
245 1 0 |a Investičné bankovníctvo  |c M. Rošteková 
520 |a Problematika investičného bankovníctva v súvislosti s rozvojom kapitálového trhu. Využitie skúseností tohto odvetvia vyspelých trhových ekonomík a najmä USA, Japonska a krajín západnej Európy. Definície investičného bankovníctva. Aktivity firiem v odvetví investičného bankovníctva. Verejné ponuky (upisovanie cenných papierov). Obchodovanie s cennými papiermi. Súkromné umiestnenie cenných papierov. Sekuritácia aktív. Fúzie a akvizície. Peňažný manažment. Investičné bankovníctvo a klasifikácia. Investičné bankovníctvo a konkurencia. Investičné bankovníctvo na Slovensku. 
610 2 0 |a bankovníctvo 
610 2 0 |a investície 
610 2 0 |a manažment finančný 
610 2 0 |a klasifikácia 
610 2 0 |a papiere cenné 
610 2 0 |a obchody bankové 
610 2 0 |a obligácie 
610 2 0 |a emisia 
610 2 0 |a fúzie 
610 2 0 |a akvizícia 
610 2 0 |a riziko 
610 2 0 |a arbitráž 
610 2 0 |a aktíva 
610 2 0 |a západná Európa 
610 2 0 |a Japonsko 
610 2 0 |a Slovensko 
610 2 0 |a USA 
100 1 |a Rošteková, M.